| 000 | 01032nas a2200337 4500 | ||
|---|---|---|---|
| 001 | BR0402706 | ||
| 003 | BR-BrBNA | ||
| 005 | 20231205104547.0 | ||
| 007 | ta | ||
| 008 | 230509b bl.|||p| |||| 00| 00por d | ||
| 040 |
_aBR-BrBNA _bpor _cBiblioteca Nacional de Agricultura |
||
| 041 | _a(Pt) | ||
| 072 | _aQ04 | ||
| 100 | 1 | _aRamos, J.D. | |
| 100 | 1 | _aCarrijo, E.P. | |
| 100 | 1 | _aPio, R. | |
| 100 | 1 | _aGontijo, T.C.A. | |
| 100 | 1 | _aCoelho, J.H.C. | |
| 245 | 1 | _aCaracterísticas físico-químicas de frutos de 'mexerica-do-rio' em função da disposição geográfica e altura de inserção na planta | |
| 650 | _aTANGERINA | ||
| 650 | _aFRUTO | ||
| 650 | _aPROPRIEDADE FÍSICO-QUÍMICA | ||
| 650 | _aENXERTO | ||
| 650 | _aLIMOEIRO TRIFOLIADO | ||
| 650 | _aFISIOLOGIA VEGETAL | ||
| 650 | _aMATURAÇÃO | ||
| 650 | _aESTATURA DE PLANTA | ||
| 773 | 0 |
_tRevista Científica Rural (Brazil) _xISSN 1413-8263 _g(2003), v. 8(2) p. 87-91 _wBR0402706 |
|
| 909 |
_a202311 _bLúcia _c55 _dLúcia Elande |
||
| 942 |
_2AGRIS _n0 _cANA |
||
| 999 |
_c178722 _d178722 |
||